Missing Word: The Scientific Method Quiz Stats

 Plays Quiz Updated Sep 12, 2018

Score 0/6 Timer 01:00
0 Plays Today
Step Missing Word % Correct
Ask a _______QUESTION
95.6%
Draw a __________CONCLUSION
93.8%
Conduct an __________EXPERIMENT
92.6%
Form a __________HYPOTHESIS
80.7%
Analyze the ____DATA
79.2%
Make an __________OBSERVATION
42.8%

Today's Daily Dose

Missing Word
Celine Dion

Word Ladder
Dr. Seuss Books

Quick Pick
Cities in India

Get the Picture
'A' Actresses

You're not logged in!

Compare scores with friends on all Sporcle quizzes.
OR
Log In

Sporcle TV

Today on Sporcle TV


Watch our educational content, quiz creation guides, and fun videos on Sporcle TV.

Show Comments

Extras

Top Quizzes Today


Score Distribution

Your Account Isn't Verified!

In order to create a playlist on Sporcle, you need to verify the email address you used during registration. Go to your Sporcle Settings to finish the process.

Report this User

Report this user for behavior that violates our Community Guidelines.

Details: